000 00729nam a2200145Ia 4500
008 151213s9999 xx 000 0 und d
100 _aযবার্টোল্ট ব্রেশ্ট অনুবাদ - কবীর চেীধুরী।
245 _aজননী সাহসিকা
_cযবার্টোল্ট ব্রেশ্ট অনুবাদ - কবীর চেীধুরী।
250 _a১ম
260 _aযবাংলা একাডেমী
_bবাংলা ্্্একাডেমী
_c1984
300 _a6555 p.
650 _aEnglish
700 _aযবার্টোল্ট ব্রেশ্ট অনুবাদ - কবীর চেীধুরী।
999 _c3637
_d3637